MIET PUBLIC SCHOOLS

Xam Idea Social science 10th (Record no. 9081)

MARC details
000 -LEADER
fixed length control field 00197nam a22000977a 4500
245 ## - TITLE STATEMENT
Title Xam Idea Social science 10th
250 ## - EDITION STATEMENT
Edition statement 2024
260 ## - PUBLICATION, DISTRIBUTION, ETC. (IMPRINT)
Name of publisher, distributor, etc V.K. Publicatoin
300 ## - PHYSICAL DESCRIPTION
Extent 560
942 ## - ADDED ENTRY ELEMENTS (KOHA)
Source of classification or shelving scheme Dewey Decimal Classification
Koha item type Subject Books
Holdings
Withdrawn status Lost status Source of classification or shelving scheme Damaged status Not for loan Permanent location Current location Date acquired Source of acquisition Cost, normal purchase price Total Checkouts Barcode Date last seen Date last borrowed Bill Date Koha item type Bill Number
    Dewey Decimal Classification     MIET Public School Mawana Road Meerut MIET Public School Mawana Road Meerut 07/08/2024 Savera, Meerut 738.00 1 M10260 05/02/2026 12/22/2025 07/11/2024 Subject Books  
opac credits

Powered by Koha